Profitable soil management / (Record no. 2562)

MARC details
000 -LEADER
fixed length control field 01022cam a2200325 i 4500
001 - CONTROL NUMBER
control field 4175661
003 - CONTROL NUMBER IDENTIFIER
control field 20160310115014.0
005 - DATE AND TIME OF LATEST TRANSACTION
control field 20240606080857.0
008 - FIXED-LENGTH DATA ELEMENTS--GENERAL INFORMATION
fixed length control field 790717s1979 njua 001 0 eng
010 ## - LIBRARY OF CONGRESS CONTROL NUMBER
LC control number 79110443
020 ## - INTERNATIONAL STANDARD BOOK NUMBER
International Standard Book Number 013729400X
040 ## - CATALOGING SOURCE
Original cataloging agency DLC
Transcribing agency DLC
Modifying agency DLC
043 ## - GEOGRAPHIC AREA CODE
Geographic area code n-us---
050 00 - LIBRARY OF CONGRESS CALL NUMBER
Classification number S591
Item number .K58 1979
082 00 - DEWEY DECIMAL CLASSIFICATION NUMBER
Classification number 631.4
100 1# - MAIN ENTRY--PERSONAL NAME
Personal name Knuti, Leo Leonard,
Dates associated with a name 1903-
245 10 - TITLE STATEMENT
Title Profitable soil management /
250 ## - EDITION STATEMENT
Edition statement 2nd ed.
260 ## - PUBLICATION, DISTRIBUTION, ETC.
Place of publication, distribution, etc. Englewood Cliffs, N.J. :
Name of publisher, distributor, etc. Prentice-Hall,
Date of publication, distribution, etc. c1979.
300 ## - PHYSICAL DESCRIPTION
Extent 294 p. :
Other physical details ill. ;
Dimensions 25 cm.
490 0# - SERIES STATEMENT
Series statement Prentice-Hall vocational agriculture series
500 ## - GENERAL NOTE
General note Includes index.
650 #0 - SUBJECT ADDED ENTRY--TOPICAL TERM
Topical term or geographic name entry element Soil management.
650 #0 - SUBJECT ADDED ENTRY--TOPICAL TERM
Topical term or geographic name entry element Soil science.
650 #0 - SUBJECT ADDED ENTRY--TOPICAL TERM
Topical term or geographic name entry element Soil management
Geographic subdivision United States.
700 1# - ADDED ENTRY--PERSONAL NAME
Personal name Williams, David L.,
Dates associated with a name 1935-
Relator term joint author.
700 1# - ADDED ENTRY--PERSONAL NAME
Personal name Hide, J. C.
Fuller form of name (John Clifford),
Dates associated with a name 1905-
Relator term joint author.
906 ## - LOCAL DATA ELEMENT F, LDF (RLIN)
a 7
b cbc
c orignew
d 2
e ncip
f 19
g y-gencatlg
942 ## - ADDED ENTRY ELEMENTS (KOHA)
Source of classification or shelving scheme Library of Congress Classification
Koha item type Books
Holdings
Withdrawn status Lost status Source of classification or shelving scheme Damaged status Not for loan Home library Current library Date acquired Total checkouts Full call number Barcode Date last seen Price effective from Koha item type
    Library of Congress Classification     MUT Mariira Campus Library MUT Mariira Campus Library 10/03/2016   S591 .K58 1979 002674 10/03/2016 10/03/2016 Books